000 00790nam a22002177a 4500
003 OSt
005 20260316030004.0
008 260316b |||||||| |||| 00| 0 eng d
020 _a0-07-047995-x
040 _aDWCL GS lib
_cOC
082 _aP119o 1998
100 _aPACKARD, EDWARD
245 _aOlympus! What is the secret of the oracle!
_cEDWARD PACKARD
260 _aNew York
_bMcGraw-Hill Book Company
_c1988
300 _a101 p
_c19 cm
520 _a refers to a 1988 choose-your-own-adventure style book from the Earth Inspectors series by Edward Packard.
650 _a natural gases (fumes) from the earth to put the Pythia into a trance.
650 _aknowing the future is less important than how you act in the present.
700 _aEDWARD PACKARD
942 _2ddc
_cFIC.
_n0
999 _c9138
_d9138